000 01111cam a22002771i 4500
003 SA-RiAUC
005 20250531175805.0
008 250530s1990 su g b 000r0 ara c
040 _aSA-EnSBSSC
_bara
_cSA-RiAUC
_erda
082 0 4 _a256
_qSA-RiAUC
090 _a256
_bح ر ب
100 1 _aالحربي، غازي بن سالم بن لافي،
_d1363 هجري-
_eمؤلف.
245 1 0 _aاقتصاديات الحرب في الإسلام :
_bدراسة فقهية اقتصادية معاصرة /
_cغازي بن سالم بن لافي التمام.
250 _aالطبعة الأولى.
264 1 _aالرياض :
_bمكتبة الرشد،
_c1990
300 _a477 صفحة ؛
_c24 سم
336 _aنص
_btxt
_2rdacontent
_3كتاب
337 _aبدون وسيط
_bn
_2rdamedia
338 _aمجلد
_bnc
_2rdacarrier
504 _aببليوجرافية : صفحة 441-468.
650 7 _aالحرب (فقه إسلامي)
_2aucsh
650 7 _aالحرب
_xجوانب اقتصادية
_2aucsh
653 _aالديانات
942 _2ddc
_cBOOK
_n0
949 _aSA-JeALM
_d250530
_umohamedma123
_n1
999 _c8591
_d8591